000 00697nam a2200277Ia 4500
005 20260121125619.0
008 008 260114s9999 xx 000 0 eng d
020 _a9781685857080
037 _aEBOOK
040 _aCRL
040 _beng
040 _cCRL
041 _2eng
041 _aeng
084 _qCRL
100 _aParpart, Jane L.
_9995961
245 0 _aGreat Ideas for Teaching About Africa
260 _bWalter de Gruyter
260 _bWalter de Gruyter
650 _aPolitical Science
_9995962
700 _a Bastian, Misty L.
_9995963
856 _uhttp://www.degruyter.com/isbn/9781685857080
942 _cEBOOK
999 _c1563241
_d1563241